Výživa obyvateľstva - úloha medzirezortná

Výživová politika ako súčasť agrárnej politiky SR. Koncepcia výživovej politiky musí mať nadrezortný charakter. Potravinová bezpečnosť štátu; výživová dostatočnosť obyvateľstva; ozdravenie potravinového reťazca a racionalizácia výživy (väzba na Národný program podpory zdravia).

Guardado en:
Detalles Bibliográficos
Autor principal: Mlynarovič, A.
Formato: Capítulo de libro
Lenguaje:eslovaco
Materias:
Etiquetas: Agregar Etiqueta
Sin Etiquetas, Sea el primero en etiquetar este registro!

MARC

LEADER 00000naa a2200000 4500
001 r014228
005 20221213122726.6
041 0 |a slo 
044 |a SK 
245 1 0 |a Výživa obyvateľstva - úloha medzirezortná  |c A. Mlynarovič 
520 |a Výživová politika ako súčasť agrárnej politiky SR. Koncepcia výživovej politiky musí mať nadrezortný charakter. Potravinová bezpečnosť štátu; výživová dostatočnosť obyvateľstva; ozdravenie potravinového reťazca a racionalizácia výživy (väzba na Národný program podpory zdravia). 
610 2 0 |a výživa 
610 2 0 |a obyvateľstvo 
610 2 0 |a politika poľnohospodárska 
610 2 0 |a Slovensko 
100 1 |a Mlynarovič, A.